Evaluación de nuevos materiales de Eragrostis curvula obtenidos por métodos biotecnológicos con fines de mejoramiento y para estudios básicos /

Guardado en:
Autor Principal: Selva, Juan Pablo.
Autor Corporativo: Universidad Nacional del Sur. Departamento de Biología, Bioquímica y Farmacia.
Otros Autores: Polci, Pablo A., (dir. de tesina.)
Formato: Manuscrito
Idioma:Spanish
Publicado: 2005.
Materias:
Etiquetas: Agregar Etiqueta
Sin Etiquetas, Sea el primero en etiquetar este registro!
LEADER 01139ntm a22002655a 4500
001 EUN.eunm000676
005 20140328091301.0
008 050914s2005####ag#a#####b####000#0#spa#d
082 0 4 |a 633.2  |2 21 
100 1 |a Selva, Juan Pablo. 
245 1 0 |a Evaluación de nuevos materiales de Eragrostis curvula obtenidos por métodos biotecnológicos con fines de mejoramiento y para estudios básicos /  |c Juan Pablo Selva. 
260 |c 2005. 
300 |a 51 h., [7] h. de láms. :  |b il. ;  |c 30 cm. 
500 |a Director de tesina: Pablo Polci. 
502 |a Tesina (licenciatura)--Universidad Nacional del Sur. Departamento de Biología, Bioquímica y Farmacia, 2005. 
504 |a Incluye referencias bibliográficas. 
650 7 |a Cultivos forrajeros.  |2 unbist 
650 7 |a Biotecnología.  |2 unbist 
650 7 |a Mejoramiento genético vegetal.  |2 unbist 
651 7 |a Argentina.  |2 unbist 
653 |a Pasto llorón 
653 |a Tesinas 
700 1 |a Polci, Pablo A.,  |e dir. de tesina. 
710 2 |a Universidad Nacional del Sur.  |b Departamento de Biología, Bioquímica y Farmacia. 
859 |a AR-BaUNS  |b BIB. CENTRAL - Sector A  |h 633.2  |i Se49  |p 115949/005